Faktory ovplyvňujúce vznik dopravnej nehody

Bibliographic Details
Main Author: Szabó, Oskar 1936-1998 (Author)
Format: Book
Language:Slovak
PhysicalDescription:69 s. ilustr., tab. 25 cm
Published: Košice Vysoká škola bezpečnostného manažérstva 2014
ISBN:9788081850158
Edition:1. vyd.
Subjects:

MARC

LEADER 00000nam a2200000 a 4500
001 vtls010596315
003 SK-MaSNL
005 20260302013252.0
008 240318s2014 xo a g 000 0 slo
015 |a SNBA2014/06 
020 |a 9788081850158  |q (brož.)  |z 9788089282913 
035 |a D580AC1F-7646-4941-8239-10F4DFCEEA6F 
035 |a urn:nbn:sk:snk-amk5ih 
035 |a urn:nbn:sk:snk-am0048gp 
040 |a SNK  |b slo  |c SNK  |e AACR2 
041 0 |a slo 
044 |a xo  |c SK 
072 7 |a 656  |x Doprava  |2 konspekt 
080 |a 656.08  |2 2001 
080 |a (048.8)  |2 2001 
100 1 |a Szabó, Oskar  |d 1936-1998  |4 aut  |9 656371 
245 1 0 |a Faktory ovplyvňujúce vznik dopravnej nehody  |c Oskar Szabó 
250 |a 1. vyd. 
260 |a Košice  |b Vysoká škola bezpečnostného manažérstva  |c 2014 
300 |a 69 s.  |b ilustr., tab.  |c 25 cm 
366 |e 50 výt. 
504 |a Bibliogr.: s. 66-68 ; slov. pojmov 
650 0 7 |a dopravné nehody  |2 SNKPH  |9 4151 
650 0 7 |a Transportation accidents  |2 SNKPHeng  |9 277557 
655 7 |a štúdie  |2 SNKPH  |9 57033 
655 7 |a Studies  |2 SNKPHeng  |9 265573 
919 |a 978-80-8185-015-8 
958 |a NB 
999 |c 1012341  |d 1014271 
952 |a SNK  |b SNK  |y PREZ  |7 0  |p 17A1110196  |o snkSC 159468  |i snk2014/11304  |8 0  |0 0  |1 0  |4 0  |d 2014-05-13  |f 1  |l 0  |r 2025-08-21 00:00:00  |w 2026-02-24 
952 |a SNK  |b SNK  |y VYP  |7 0  |p 17A1110195  |o snkSC 159468 D1  |i snk2014/11306  |8 0  |0 0  |1 0  |4 0  |d 2014-05-13  |l 0  |r 2026-02-24 12:57:35  |w 2026-02-24